000 00311nam a2200133 i 4500
001 bg
100 1 _aWIŚNIEWSKI, Janusz
245 0 _aMateriałoznawstwo budowlane /
_cJ. Wiśniewski.
260 _aKielce,
_c1987.
040 _cBPK
041 _apol
942 _cKS
008 s pl f |000 0 pol
999 _c3734
_d3734
856 _uhttp://koha.tu.koszalin.pl/cgi-bin/koha/opac-detail.pl?biblionumber=3734
_yKatalog online BPK